Statistics for AFL Leading Goalkickers since 2010

Click here to take the quiz!

General Stats

  • This quiz has been taken 27 times
  • The average score is 61 of 73

Answer Stats

YearClubTotal GoalsAnswer% Correct
2016Sydney81Lance Franklin
100%
2010Hawthorn64Lance Franklin
100%
2011Hawthorn82Lance Franklin
100%
2021Sydney51Lance Franklin
100%
2018Sydney57Lance Franklin
100%
2017Sydney73Lance Franklin
100%
2012Hawthorn69Lance Franklin
100%
2014Sydney79Lance Franklin
100%
2013Hawthorn60Lance Franklin
100%
2022Carlton64Charlie Curnow
96%
2023Carlton81Charlie Curnow
96%
2013GWS62Jeremy Cameron
96%
2022Geelong65Jeremy Cameron
96%
2019GWS76Jeremy Cameron
96%
2015GWS63Jeremy Cameron
96%
2017Essendon65Joe Daniher
96%
2023Brisbane61Joe Daniher
96%
2015Adelaide59Taylor Walker
96%
2012Adelaide63Taylor Walker
96%
2023Adelaide76Taylor Walker
96%
2018Geelong60Tom Hawkins
96%
2022Geelong67Tom Hawkins
96%
2020Geelong49Tom Hawkins
96%
2021Geelong62Tom Hawkins
96%
2010Geelong63Tom Hawkins
96%
2014Geelong68Tom Hawkins
96%
2012Geelong62Tom Hawkins
96%
2011Carlton56Andrew Walker
92%
2021Brisbane55Charlie Cameron
92%
2019Brisbane57Charlie Cameron
92%
2023GWS66Toby Greene
92%
2020Richmond32Tom Lynch
92%
2019Richmond63Tom Lynch
92%
2016Gold Coast66Tom Lynch
92%
2022Richmond63Tom Lynch
92%
2021Richmond51Jack Riewoldt
88%
2020Richmond33Jack Riewoldt
88%
2011Richmond62Jack Riewoldt
88%
2018Richmond70Jack Riewoldt
88%
2010Richmond78Jack Riewoldt
88%
2012Richmond65Jack Riewoldt
88%
2014Richmond61Jack Riewoldt
88%
2017Adelaide55Eddie Betts
83%
2016Adelaide75Eddie Betts
83%
2015Adelaide63Eddie Betts
83%
2021Carlton58Harry McKay
83%
2017West Coast69Josh Kennedy
79%
2020West Coast34Josh Kennedy
79%
2013West Coast60Josh Kennedy
79%
2011West Coast59Josh Kennedy
79%
2014West Coast61Josh Kennedy
79%
2015West Coast80Josh Kennedy
79%
2016West Coast82Josh Kennedy
79%
2023North Melbourne71Nick Larkey
79%
2020Port Adelaide34Charlie Dixon
75%
2019West Coast59Jack Darling
75%
2022Melbourne55Bayley Fritsch
67%
2021Melbourne59Bayley Fritsch
67%
2017North Melbourne63Ben Brown
67%
2019North Melbourne64Ben Brown
67%
2018North Melbourne61Ben Brown
67%
2014Hawthorn75Jarryd Roughead
67%
2013Hawthorn72Jarryd Roughead
67%
2015Hawthorn57Jack Gunston
63%
2018Hawthorn54Luke Breust
63%
2011Collingwood69Travis Cloke
63%
2013Collingwood68Travis Cloke
63%
2016Adelaide62Josh Jenkins
58%
2012Fremantle69Matthew Pavlich
58%
2011St Kilda56Stephen Milne
46%
2010Western Bulldogs80Barry Hall
42%
2010West Coast63Mark LeCras
38%
2014Port Adelaide68Jay Schulz
25%

Score Distribution

Percentile by Number Answered

Percent of People with Each Score

Your Score History

You have not taken this quiz